<?xml version="1.0" encoding="UTF-8"?><?xml-stylesheet type="text/xsl" href="static/style.xsl"?><OAI-PMH xmlns="http://www.openarchives.org/OAI/2.0/" xmlns:xsi="http://www.w3.org/2001/XMLSchema-instance" xsi:schemaLocation="http://www.openarchives.org/OAI/2.0/ http://www.openarchives.org/OAI/2.0/OAI-PMH.xsd"><responseDate>2026-06-06T05:02:16Z</responseDate><request verb="GetRecord" identifier="oai:riuma.uma.es:10630/9349" metadataPrefix="marc">https://riuma.uma.es/rest/oai/request</request><GetRecord><record><header><identifier>oai:riuma.uma.es:10630/9349</identifier><datestamp>2026-02-03T12:52:03Z</datestamp><setSpec>com_10630_5701</setSpec><setSpec>com_10630_3139</setSpec><setSpec>com_10630_10</setSpec><setSpec>col_10630_9178</setSpec></header><metadata><record xmlns="http://www.loc.gov/MARC21/slim" xmlns:dcterms="http://purl.org/dc/terms/" xmlns:doc="http://www.lyncode.com/xoai" xmlns:xsi="http://www.w3.org/2001/XMLSchema-instance" xsi:schemaLocation="http://www.loc.gov/MARC21/slim http://www.loc.gov/standards/marcxml/schema/MARC21slim.xsd">
   <leader>00925njm 22002777a 4500</leader>
   <datafield ind2=" " ind1=" " tag="042">
      <subfield code="a">dc</subfield>
   </datafield>
   <datafield ind2=" " ind1=" " tag="720">
      <subfield code="a">Larrubia-Vargas, Remedios</subfield>
      <subfield code="e">author</subfield>
   </datafield>
   <datafield ind2=" " ind1=" " tag="260">
      <subfield code="c">1997</subfield>
   </datafield>
   <datafield ind2=" " ind1=" " tag="520">
      <subfield code="a">En el presente trabajo, analizamos desde el punto de vista socio-estructural y técnico-económico distintos tipos de cultivos incluidos dentro del grupo de los hortofrutícolas, repartidos por toda la geografía malagueña. todos estos cultivos son de reciente incorporación en el agro malagueño, si bien, algunos ya constituyen explotaciones regulares totalmente consolidadas (espárragos, frambuesas, ect), otros, en cambio, están iniciando en estos momentos su andadura (litchi, uva apirena, ect), asimismo también asistimos a la aparición de cultivos obtenidos mediante practicas respetuosas con el medio ambiente (agricultura ecológica). El elemento común a todos ellos es que, por no haber alcanzado aun grandes producciones, no generan excedentes en los mercados, por lo cual mantienen unos precios elevados y estables interanualmente, asegurando la rentabilidad económica de las explotaciones donde se sitúan.</subfield>
   </datafield>
   <datafield ind1="8" ind2=" " tag="024">
      <subfield code="a">Baetica 19-1, 1997, p.169-184.</subfield>
   </datafield>
   <datafield ind1="8" ind2=" " tag="024">
      <subfield code="a">0212-5099</subfield>
   </datafield>
   <datafield ind1="8" ind2=" " tag="024">
      <subfield code="a">http://hdl.handle.net/10630/9349</subfield>
   </datafield>
   <datafield tag="653" ind2=" " ind1=" ">
      <subfield code="a">Productos hortícolas - Málaga</subfield>
   </datafield>
   <datafield ind2="0" ind1="0" tag="245">
      <subfield code="a">Nuevas orientaciones productivas en la provincia de Málaga</subfield>
   </datafield>
</record>
</metadata></record></GetRecord></OAI-PMH>